000 00696nam a2200289Ia 4500
005 20260324130341.0
008 008 260324s9999 xx 000 0 eng d
020 _a9781315097732
037 _aEBOOK
040 _aCRL
040 _beng
040 _cCRL
041 _2eng
041 _aeng
084 _qCRL
100 _aRobertDeam Tobin
_91181439
245 2 _aA Song for Europe
245 0 _bPopular Music and Politics in the Eurovision Song Contest
260 _bTaylor and Francis
260 _c2007
365 _a
365 _b210
856 _uhttp://www.taylorfrancis.com/books/9781315097732
942 _cEBOOK
999 _c1777552
_d1777552